La Intervenció dels representants de Catalunya en la constitució de la República
Publicado:
[Barcelona] :
Generalitat de Catalunya. Departament de Governació. Oficina de Madrid ,
1932
Descripción Física:
3 v. ; 32 cm
Otros Autores:
Catalunya. Oficina de Madrid
MARC
| LEADER | 00000nam a2200000Ia 4500 | ||
|---|---|---|---|
| 001 | 8823, 8824, 8825 | ||
| 008 | 160829s1932 xx 000 0 cat d | ||
| 080 | |a FOL-1-95, FOL-1-96, FOL-1-97 | ||
| 245 | |a La Intervenció dels representants de Catalunya en la constitució de la República | ||
| 260 | |a [Barcelona] : |b Generalitat de Catalunya. Departament de Governació. Oficina de Madrid, |c 1932 | ||
| 300 | |a 3 v. ; |c 32 cm | ||
| 590 | |a Aquesta obra continua amb el títol: 'L'Estatut d'Autonomia a les constituents de la República'. | ||
| 650 | |a Història constitucional |x Espanya |9 33242 | ||
| 650 | |a Catalunya |x Història |x 1931/1939, Segona República Espanyola |x Fonts |9 33243 | ||
| 700 | |a Catalunya. Oficina de Madrid |9 33244 | ||
| 710 | |a Catalunya. |b Departament de Governació |9 16938 | ||
| 901 | |a Arxiu | ||
| 942 | |n 1 | ||
| 952 | |0 0 |1 0 |4 0 |6 FOL195_FOL196_FOL197 |7 1 |9 46245 |a Arxiu |b Arxiu |d 2016-12-01 |l 0 |o FOL-1-95, FOL-1-96, FOL-1-97 |p 8823, 8824, 8825 |r 2016-12-01 00:00:00 |w 2016-12-01 |y ARXIU | ||
| 999 | |c 49747 |d 49747 | ||